A study of access to basic household amenities in informal settlement of Delhi (Record no. 99731)

000 -LEADER
fixed length control field 00455pab a2200169 454500
008 - FIXED-LENGTH DATA ELEMENTS--GENERAL INFORMATION
fixed length control field 180718b2012 xxu||||| |||| 00| 0 eng d
100 ## - MAIN ENTRY--PERSONAL NAME
Personal name Saini, Sakshi
245 ## - TITLE STATEMENT
Title A study of access to basic household amenities in informal settlement of Delhi
260 ## - PUBLICATION, DISTRIBUTION, ETC.
Date of publication, distribution, etc. 2012
300 ## - PHYSICAL DESCRIPTION
Extent p.114-129.
362 ## - DATES OF PUBLICATION AND/OR SEQUENTIAL DESIGNATION
Dates of publication and/or sequential designation Jul-Sep
650 ## - SUBJECT ADDED ENTRY--TOPICAL TERM
Topical term or geographic name entry element Basic urban services - India - Delhi
650 ## - SUBJECT ADDED ENTRY--TOPICAL TERM
Topical term or geographic name entry element Public utilities
773 ## - HOST ITEM ENTRY
Main entry heading Nagarlok
908 ## - PUT COMMAND PARAMETER (RLIN)
Put command parameter N
909 ## -
-- 99732
Holdings
Withdrawn status Lost status Damaged status Not for loan Permanent Location Current Location Date acquired Serial Enumeration / chronology Barcode Date last seen Price effective from Koha item type
        Indian Institute of Public Administration Indian Institute of Public Administration 2018-07-19 Volume no: 44, Issue no: 3 AR100192 2018-07-19 2018-07-19 Articles

Powered by Koha